Normal view
MARC view
- Richards Partington Architects
Entry Corporate Name
001 - CONTROL NUMBER
- control field: 5858
003 - CONTROL NUMBER IDENTIFIER
- control field: SIRSI
005 - DATE AND TIME OF LATEST TRANSACTION
- control field: 20190806150247.0
008 - FIXED-LENGTH DATA ELEMENTS
- fixed length control field: 100611n| acannaabn |n ana d
040 ## - CATALOGING SOURCE
- Original cataloging agency: OSt
- Transcribing agency: OSt
110 2# - HEADING--CORPORATE NAME
- Corporate name or jurisdiction name as entry element: Richards Partington Architects
670 ## - SOURCE DATA FOUND
- Source citation: Mapping existing housing standards, 2010